000 00251nam a2200097Ia 4500
008 240331s9999 xx 000 0 und d
082 _bNEW
100 _aMcHenry, Robert, . editor
245 4 _aThe new encyclopaedia Britannica :
_bindex- L - Z
942 _cL
999 _c3294
_d3294